[Event "Accentus Young Masters 2020"]
[Site "Bad Ragaz"]
[Date "2020.03.02"]
[Round "6.5"]
[White "Diermair, Andreas"]
[Black "Stijve, Theo"]
[Result "1/2-1/2"]
[WhiteElo "2483"]
[BlackElo "2249"]
[Annotator "TA"]
[PlyCount "110"]
[EventDate "2020.02.26"]
[EventType "schev"]
[EventCountry "SUI"]
[SourceTitle "playchess.com"]
[Source "ChessBase"]
[SourceQuality "1"]

{[%evp 16,110,21,18,53,27,21,10,8,0,0,0,18,20,15,25,28,19,24,19,33,-31,0,-17,-20,-22,0,-14,30,-28,0,-41,-42,-84,-69,-71,-77,-75,-72,-78,-66,-71,-71,-71,-69,-76,-77,-76,-56,-49,-60,-102,-54,-48,-47,-117,-14,-38,-8,-8,0,0,0,-22,0,-38,-38,-54,-57,-83,0,-6,0,-20,0,0,0,0,0,0,0,0,0,0,0,0,0,0,0,0,0,0,0,0,0,0,0]} 1. d4 d5 2. c4 e6 3. Nc3 Nf6 4. cxd5 exd5 5. Bg5 Be7 6. e3 c6 7. Bd3 O-O 8. Qc2 h6 9. Bh4 c5 {D36: Queen's Gambit Declined: Exchange Variation: Main line (5 Bg5 c6 6 Qc2).} 10. Nge2 c4 11. Bf5 {Black should prevent Bxf6.} Nc6 {[#]} 12. a3 $146 ({Predecessor:} 12. O-O Nb4 13. Qb1 g5 14. Bg3 Bxf5 15. Qxf5 Qc8 16. Qb1 Qd7 17. h3 b5 18. Nc1 {½-½ (45) Meshalkin,Y (2147)-Belchev,B (2190) ICCF email 2018}) 12... Re8 13. O-O a6 (13... Nh5 {looks sharper.} 14. Bxe7 Rxe7 15. Rad1 Nf6 16. Ng3 Re8) 14. Bxc8 Rxc8 15. Bxf6 Bxf6 16. Qf5 Ne7 17. Qf3 Qd7 18. Rad1 (18. a4 $14) 18... Rcd8 19. g3 b5 20. Nf4 Qf5 21. Qg2 g6 22. h4 (22. Nfxd5 $142 $1 Nxd5 23. e4 {[%mdl 64] Double Attack}) 22... Qd7 23. Rd2 a5 24. e4 dxe4 25. Nxe4 Qf5 ({Don't blunder} 25... Bxd4 $2 26. Ne2 $18) 26. Nxf6+ Qxf6 27. Rfd1 Nf5 28. Nd5 Qd6 29. Nc3 b4 30. Nb5 Qb6 31. a4 Nd6 32. Nxd6 Rxd6 33. Qf3 Rf6 34. Qd5 Rc8 35. Rc1 {[#]} ({Better is} 35. Qe4 $15) 35... Rf5 (35... c3 $1 $17 {[%cal Rc3d2]} 36. bxc3 Rxc3) 36. Qe4 (36. Qd7 $5 {[%cal Rd7c8]} Qb8 37. Re2 $11) 36... c3 37. Rdc2 {[%cal Rb2c3]} Qf6 38. bxc3 bxc3 39. Rd1 Rc4 40. Rd3 (40. Qd3 $5 {[%cal Rd3c4]} Rc8 41. d5 $11) 40... Kg7 41. Qe3 Rxa4 42. Rcxc3 Rd5 ({Black should try} 42... Ra1+ $17 43. Kg2 {[#]} Ra2 $1 {[%mdl 512]}) 43. Rc8 {Threatens to win with Qe8.The position is equal.} Ra2 44. Ra3 Qf5 45. Rc5 Rxc5 46. dxc5 $11 {[%mdl 4096] Endgame KQR-KQR} Qb1+ 47. Kh2 {And now Qd4+ would win.} Rxa3 48. Qxa3 {KQ-KQ} Qc2 49. Qa1+ Kg8 50. Qxa5 {Black must now prevent Qd8+.} Qxf2+ 51. Kh3 h5 52. Qd8+ Kg7 53. Qd5 Qf1+ 54. Kh2 Qf2+ 55. Kh3 Qf1+ {Accuracy: White = 76%, Black = 77%.} 1/2-1/2

[Event "Accentus Young Masters 2020"]
[Site "Bad Ragaz"]
[Date "2020.03.03"]
[Round "7.1"]
[White "Colmenares, Aurelio"]
[Black "Albornoz Cabrera, Carlos Daniel"]
[Result "*"]
[WhiteElo "2302"]
[BlackElo "2566"]
[Annotator "TA"]
[PlyCount "26"]
[EventDate "2020.02.26"]
[EventType "schev"]
[EventCountry "SUI"]
[SourceTitle "playchess.com"]
[Source "ChessBase"]
[SourceQuality "1"]

{[%evp 9,13,14,16,-15,-22,-18]} 1. e4 c5 2. Nc3 d6 3. f4 g6 4. Nf3 Bg7 5. Bb5+ Bd7 6. Bc4 {B23: Closed Sicilian: Lines without g3.} Nc6 7. d3 {[#] A rather calm draw.} {Predecessor:} e6 $146 8. f5 Nf6 9. fxg6 hxg6 10. Bf4 Qb8 11. Nb5 Bf8 12. a4 a6 13. Nc3 Bg7 {½-½ (75) Kadric,D (2585)-Alekseenko,K (2704) Caleta 2020} *

[Event "Accentus Young Masters 2020"]
[Site "Bad Ragaz"]
[Date "2020.03.03"]
[Round "7.1"]
[White "Colmenares, Aurelio"]
[Black "Albornoz Cabrera, Carlos Daniel"]
[Result "0-1"]
[WhiteElo "2302"]
[BlackElo "2566"]
[Annotator "TA"]
[PlyCount "98"]
[EventDate "2020.02.26"]
[EventType "schev"]
[EventCountry "SUI"]
[SourceTitle "playchess.com"]
[Source "ChessBase"]
[SourceQuality "1"]

{[%evp 9,98,-2,0,-29,-25,-29,-19,-22,12,6,56,37,77,73,76,37,49,27,52,37,52,16,83,83,81,68,95,90,97,76,206,174,193,94,97,102,109,110,97,70,97,76,78,77,87,77,70,70,75,38,50,50,50,50,50,50,45,20,50,8,66,72,110,104,110,83,122,122,286,172,271,125,118,0,0,0,0,-206,-206,-236,-239,-232,-231,-232,-231,-231,-233,-379,-388,-387,-386]} 1. e4 c5 2. Nc3 d6 3. f4 g6 4. Nf3 Bg7 5. Bb5+ Bd7 6. Bc4 {B23: Closed Sicilian: Lines without g3.} Nc6 7. d3 Na5 8. Bd2 {The position is equal.} Nxc4 9. dxc4 Nf6 10. Qe2 {[#]} (10. e5 $5 {[%cal Re5f6]} Nh5 11. Qe2 $11) 10... Bc6 $146 ({Predecessor:} 10... O-O 11. O-O-O a6 12. e5 Ne8 13. h4 Bg4 14. h5 dxe5 15. hxg6 fxg6 16. fxe5 Qd7 {1-0 (46) Perunovic,M (2597)-Santos Ruiz,M (2523) Skopje 2018}) 11. O-O-O Nd7 12. g4 Qb6 13. Rhe1 O-O-O 14. Qd3 Nf6 15. g5 Ne8 (15... Nh5 $1 $11) 16. b3 $16 Nc7 17. f5 Bd7 18. Kb1 Rhe8 19. Ne2 Be5 (19... Qc6 $16) 20. Nxe5 $18 dxe5 {[#]} 21. Qf3 (21. Qh3 $1 $18 {and White stays clearly on top.}) 21... Qc6 $16 22. Qg4 Rg8 23. Ng3 h6 24. h4 f6 25. Qe2 hxg5 26. hxg5 Ne8 27. fxg6 Rxg6 28. Qh5 Rg8 29. g6 Nd6 30. Nf5 Bxf5 31. exf5 Rh8 32. Qg4 Rh2 33. Ba5 b6 34. Rd2 $36 {[%mdl 2048] Black is under pressure.} Rh6 ({Black should play} 34... Rh1 $11 35. Rxh1 Qxh1+ 36. Rd1 Qc6) 35. Bc3 $14 {And now Bxe5! would win.} Qd7 36. Rf1 Rg8 {White should prevent ...Rhxg6.} 37. Qf3 Qb7 38. Rd5 Rh4 $2 (38... Kb8 $16 {was called for.}) 39. Qg3 Rh5 {[#]} (39... Ne4 $142 40. Qd3 (40. Qxh4 Nxc3+ 41. Kb2 Nxd5 $14) 40... Nxc3+ 41. Qxc3 Kc7) 40. Qg4 (40. Bxe5 $1 $18 {[%mdl 512]} Nxf5 (40... fxe5 41. f6) 41. Qf3) 40... Rg5 $16 41. Qh4 (41. Qh3 $16 Qd7 42. Qh7) 41... Nxf5 $11 42. Qh7 R5xg6 {White must now prevent ...Nd6.} 43. Rxf5 $2 (43. Bxe5 $1 $11 {and White is okay.} Ne3 44. Qh3+ {[%mdl 64] Double Attack} Ng4 45. Bc3) 43... e6 $1 $19 {[%csl LRd5,LRf5,LRh7]} 44. Rd8+ Rxd8 45. Qxg6 exf5 46. Qxf5+ Qd7 47. Qxf6 e4 48. Kb2 (48. a4 {was worth a try.}) 48... Re8 49. a4 Qe6 {Accuracy: White = 57%, Black = 63%.} 0-1

[Event "Accentus Young Masters 2020"]
[Site "Bad Ragaz"]
[Date "2020.03.03"]
[Round "7.2"]
[White "Baenziger, Fabian"]
[Black "Petrov, Nikita"]
[Result "*"]
[WhiteElo "2415"]
[BlackElo "2592"]
[Annotator "TA"]
[PlyCount "35"]
[EventDate "2020.02.26"]
[EventType "schev"]
[EventCountry "SUI"]
[SourceTitle "playchess.com"]
[Source "ChessBase"]
[SourceQuality "1"]

{[%evp 12,13,0,0]} 1. d4 Nf6 2. c4 e6 3. Nf3 d5 4. g3 Bb4+ 5. Bd2 Be7 6. Bg2 O-O 7. O-O {[#]} {Predecessor:} c6 $146 {E11: Bogo-Indian.} 8. Qc2 Nbd7 9. b3 b6 10. Bc3 Bb7 11. Nbd2 Qc7 12. Rfd1 c5 13. Rac1 dxc4 14. Nxc4 b5 15. Ba5 Qb8 16. Nce5 Nxe5 17. dxe5 Nd5 18. Bd2 {0-1 (47) Vidit,S (2721)-Firouzja,A (2726) Prague 2020} *

[Event "Accentus Young Masters 2020"]
[Site "Bad Ragaz"]
[Date "2020.03.03"]
[Round "7.2"]
[White "Baenziger, Fabian"]
[Black "Petrov, Nikita"]
[Result "1/2-1/2"]
[WhiteElo "2415"]
[BlackElo "2592"]
[Annotator "TA"]
[PlyCount "84"]
[EventDate "2020.02.26"]
[EventType "schev"]
[EventCountry "SUI"]
[SourceTitle "playchess.com"]
[Source "ChessBase"]
[SourceQuality "1"]

{[%evp 17,84,12,16,7,10,0,31,9,16,14,63,64,64,44,69,29,79,7,18,-9,0,0,15,0,9,0,65,65,72,54,99,41,55,56,35,52,56,25,62,61,71,68,95,80,179,175,186,146,129,136,141,132,139,132,148,148,188,76,76,76,76,76,76,76,76,76,76,76,72]} 1. d4 Nf6 2. c4 e6 3. Nf3 d5 4. g3 Bb4+ 5. Bd2 Be7 6. Bg2 O-O 7. O-O Nbd7 8. Qc2 c6 9. Bf4 Ne4 10. h4 {E08: Closed Catalan: Main Line: 7 Qc2.} h6 11. Nc3 g5 {Strongly threatening ...Nxc3.} 12. Be3 {[#] White is slightly better.} f5 $146 ({Predecessor:} 12... Nd6 13. b3 f5 14. Bc1 gxh4 15. Nxh4 Bxh4 16. gxh4 Kh7 17. f3 Qxh4 18. Ba3 Qxd4+ {0-1 (35) Eljanov,P (2663)-Shtembuliak,E (2600) Lutsk 2019}) 13. Qc1 Bf6 14. hxg5 Nxg5 15. Bf4 Qe7 16. Qe3 Nb6 17. b3 (17. cxd5 $16 exd5 18. Qxe7 Bxe7 19. Ne5) 17... dxc4 $11 18. bxc4 Nxc4 19. Qd3 Nb6 20. Ne5 Qg7 21. e4 $36 {[%mdl 2048] White is pushing.} fxe4 ({Black should try} 21... Nf7 $11) 22. Nxe4 $14 Nxe4 23. Bxe4 Nd5 24. Bd2 (24. Kh2 $16) 24... c5 25. Kg2 {Threatens to win with Rh1.} Bxe5 26. dxe5 {And now Rh1 would win.} Bd7 $1 27. f3 ({Much worse is} 27. Bxd5 $6 Rad8 $11) (27. Rh1 $5 {[%cal Rd2h6]} Nf4+ 28. Bxf4 Rxf4 29. f3 $11) 27... Bc6 28. Rh1 Rad8 29. Qb3 $1 Qxe5 {...Nf6! is the strong threat.} 30. Bxh6 Rf7 {[#]} (30... c4 $16 {keeps fighting.} 31. Qxc4 Qb2+ 32. Kh3 Kf7) 31. Rae1 $1 $18 Qc3 32. Bxd5 Qxb3 33. Bxb3 Bxf3+ 34. Kg1 {Black must now prevent Rh4.} Bxh1 35. Kxh1 Kh7 36. Bf4 ({Much less strong is} 36. Bxe6 $6 Re8 $14) 36... Rd4 {[#]} 37. Bxe6 (37. Be3 $1 $18 {and White stays clearly on top.}) 37... Rfxf4 {White is better.} 38. gxf4 Rxf4 {KRB-KR} 39. Bd5 b5 40. Re7+ Kg6 41. Rxa7 Rd4 42. Bc6 b4 {Accuracy: White = 65%, Black = 71%.} 1/2-1/2

[Event "Accentus Young Masters 2020"]
[Site "Bad Ragaz"]
[Date "2020.03.03"]
[Round "7.3"]
[White "Studer, Noel"]
[Black "Donchenko, Alexander"]
[Result "1/2-1/2"]
[WhiteElo "2546"]
[BlackElo "2650"]
[Annotator "TA"]
[PlyCount "73"]
[EventDate "2020.02.26"]
[EventType "schev"]
[EventCountry "SUI"]
[SourceTitle "playchess.com"]
[Source "ChessBase"]
[SourceQuality "1"]

{[%evp 15,73,16,22,22,22,32,31,25,77,54,71,45,44,54,60,43,45,48,40,0,0,0,0,0,5,0,6,6,6,6,6,6,8,0,0,0,0,-7,16,12,16,0,0,0,0,0,0,0,0,0,0,0,0,0,0,0,0,0,0,0]} 1. e4 c5 2. Nf3 d6 3. d4 cxd4 4. Nxd4 Nf6 5. Nc3 a6 6. Be3 e5 7. Nf3 Be7 8. Bc4 Be6 9. Bxe6 {B90: Sicilian Najdorf: Unusual White 6th moves, 6 Be3 Ng4 and 6 Be3 e5.} fxe6 10. Ng5 Qd7 11. Qf3 {White is slightly better.} h5 $5 {[%mdl 4] [#] Exploring less charted territory.} (11... d5 $11 {keeps the balance.}) 12. Rd1 $146 ({Predecessor:} 12. O-O-O b5 13. b3 Nc6 14. Rd2 Rc8 15. Rhd1 Nd8 16. Bb6 Rc6 17. Bxd8 Bxd8 18. Kb2 {1-0 (32) Laubsch,B (2221)-Gutman,L (2425) Germany 2010}) 12... Nc6 {[%cal Bb8c6,Bc6d8,Bd8f7,Bf7g5][%mdl 32]} 13. O-O {[#] Threatens to win with Na4.} Nd8 14. Qg3 Ng4 15. Bc1 Bxg5 $1 16. Bxg5 Nf7 17. f3 Nxg5 {The position is equal.} 18. fxg4 h4 $1 {[%cal Rh4g3]} 19. Qe3 Nf7 20. g5 O-O 21. g6 Nh8 22. Qg5 Rxf1+ 23. Rxf1 {[#] Black must now prevent Qh5.} Qe8 $1 24. Qxh4 {[%csl Gg6][%cal Rh4h7]} Nxg6 25. Qg4 Rc8 26. Rf3 Rc7 27. Qh5 {Strongly threatening Rg3.} Re7 $1 28. Rd3 Rf7 {And now ...Nf4 would win.} 29. Rxd6 (29. Qxg6 $2 Rf1+ 30. Kxf1 Qxg6 $19) 29... Qe7 30. Qd1 Nf4 $1 31. g3 Qg5 $1 32. Rd2 Nh3+ 33. Kg2 Nf4+ 34. Kh1 Nh3 $1 {[%cal Rh3f2]} 35. Kg2 Nf4+ 36. Kh1 Nh3 $1 {[%cal Rh3f2] aiming for ...Nf2+.} 37. Kg2 {Accuracy: White = 96%, Black = 96%.} 1/2-1/2

[Event "Accentus Young Masters 2020"]
[Site "Bad Ragaz"]
[Date "2020.03.03"]
[Round "7.3"]
[White "Studer, Noel"]
[Black "Donchenko, Alexander"]
[Result "*"]
[WhiteElo "2546"]
[BlackElo "2650"]
[Annotator "TA"]
[PlyCount "39"]
[EventDate "2020.02.26"]
[EventType "schev"]
[EventCountry "SUI"]
[SourceTitle "playchess.com"]
[Source "ChessBase"]
[SourceQuality "1"]

{[%evp 10,11,27,22]} 1. e4 c5 2. Nf3 d6 3. d4 cxd4 4. Nxd4 Nf6 5. Nc3 a6 6. Be3 {[#]} {Predecessor:} e5 $146 {B90: Sicilian Najdorf: Unusual White 6th moves, 6 Be3 Ng4 and 6 Be3 e5.} 7. Nb3 Be6 8. f3 h5 9. Nd5 Bxd5 10. exd5 Nbd7 11. Qd2 g6 12. O-O-O Nb6 13. c4 Rc8 14. Na5 Nbxd5 15. Bg5 b6 16. Nb7 Qc7 17. Bxf6 Nxf6 18. Nxd6+ Bxd6 19. Qxd6 Qxd6 20. Rxd6 {½-½ (42) Dominguez Perez,L (2758)-Grischuk,A (2777) chess.com INT 2020} *

[Event "Accentus Young Masters 2020"]
[Site "Bad Ragaz"]
[Date "2020.03.03"]
[Round "7.4"]
[White "Gaehwiler, Gabriel"]
[Black "Diermair, Andreas"]
[Result "0-1"]
[WhiteElo "2407"]
[BlackElo "2483"]
[Annotator "TA"]
[PlyCount "84"]
[EventDate "2020.02.26"]
[EventType "schev"]
[EventCountry "SUI"]
[SourceTitle "playchess.com"]
[Source "ChessBase"]
[SourceQuality "1"]

{[%evp 19,84,5,14,0,0,0,18,10,12,2,14,18,39,29,23,24,20,25,36,29,32,2,60,44,71,7,21,-11,0,0,8,10,54,75,62,75,69,50,52,22,48,25,22,14,41,48,47,-8,8,0,0,0,0,-198,-204,-213,-205,-203,-204,-293,-293,-293,-293,-362,-359,-418,-396]} 1. d4 Nf6 2. c4 e6 3. g3 c5 4. Nf3 cxd4 5. Nxd4 d5 6. Bg2 e5 7. Nf3 d4 8. O-O Nc6 9. e3 Be7 10. exd4 exd4 {[#]} 11. b4 $1 {[%mdl 512] E01: Catalan: Early deviations.} Bxb4 (11... Nxb4 12. Nxd4) 12. Nxd4 O-O (12... Nxd4 $5 13. Qa4+ $8 Bd7 14. Qxb4 Nc2 {[%mdl 64] Double Attack} 15. Qxb7 Rb8 16. Qxa7 O-O $11) 13. Nxc6 {The position is equal.} bxc6 14. Qa4 {[#]} Qe7 $146 ({Predecessor:} 14... a5 15. a3 Bc5 16. Nc3 Be6 17. Bg5 Qd4 18. Bxf6 Qxf6 19. Ne4 Qe5 20. Nxc5 Qxc5 21. Qxc6 Rac8 22. Qxc5 Rxc5 23. Rfc1 Rxc4 24. Rxc4 Bxc4 {½-½ (24) Dawson,A (2044)-Limbert,N (2321) ICCF email 2016}) 15. Bg5 Rb8 16. a3 Bc5 17. Nd2 Bd4 18. Rad1 Bg4 19. Rde1 Be6 20. Bxc6 h6 (20... Qc5 $1 $11 21. Bxf6 Bxf6) 21. Bf4 $1 $14 {[%cal Rf4b8]} Rb2 {[#]} 22. Nf3 (22. Nb3 $1 $16 {[%cal Rb3d4]} Bb6 23. Be5) 22... Bc5 23. Be5 Ra2 24. Bd4 Rxa3 25. Qb5 Bd6 {aiming for ...Rb8.} (25... Bb4 $5 {[%cal Ra3a5]} 26. Rb1 a5 $11) 26. c5 Bc7 27. Qb2 Ra5 28. Ra1 Rb8 29. Qc3 Nd5 30. Qd2 (30. Qe1 $5 {[%cal Rc6d5]} Rxa1 31. Qxa1 $14) 30... Rxa1 31. Rxa1 Nb4 32. Ba4 Qd8 33. Bc3 (33. Qc3 $14) 33... Qd5 34. Qxd5 ({Don't play} 34. Bxb4 Qxf3 35. Bd1 Qe4 $17) 34... Bxd5 35. Nd4 Na2 36. Nb5 $2 {[#]} (36. Be1 $11) 36... Rxb5 $1 $19 {[%mdl 576] Remove Defender} 37. Bxb5 {Bb2 is the strong threat.} Nxc3 38. Bd3 a5 39. Ra3 (39. f4 $142) 39... Ne4 40. Bxe4 Bxe4 41. Re3 {[#]} Bc6 $1 42. Re7 Bb8 {Accuracy: White = 68%, Black = 86%.} 0-1

[Event "Accentus Young Masters 2020"]
[Site "Bad Ragaz"]
[Date "2020.03.03"]
[Round "7.4"]
[White "Gaehwiler, Gabriel"]
[Black "Diermair, Andreas"]
[Result "*"]
[WhiteElo "2407"]
[BlackElo "2483"]
[Annotator "TA"]
[PlyCount "43"]
[EventDate "2020.02.26"]
[EventType "schev"]
[EventCountry "SUI"]
[SourceTitle "playchess.com"]
[Source "ChessBase"]
[SourceQuality "1"]

{[%evp 6,6,35]} 1. d4 Nf6 2. c4 e6 3. g3 c5 {[#] Not much happened in this game.} {Predecessor:} 4. d5 $146 exd5 5. cxd5 d6 6. Nc3 {A64: Modern Benoni: Fianchetto Variation: 9...Nbd7 10 Nd2 a6 11 a4 Re8.} g6 7. Bg2 Bg7 8. Nf3 O-O 9. O-O Re8 10. Nd2 Nbd7 11. a4 a6 12. a5 b5 13. axb6 Nxb6 14. Nb3 Qc7 15. Na5 Nfd7 16. Bf4 Ne5 17. Qc1 f5 18. b3 Bd7 19. Ra2 Bb5 20. h3 Nbd7 21. Rd1 Rac8 22. Nc6 {1-0 (49) Firouzja,A (2723)-Duda,J (2758) Moscow 2019} *

[Event "Accentus Young Masters 2020"]
[Site "Bad Ragaz"]
[Date "2020.03.03"]
[Round "7.5"]
[White "Stijve, Theo"]
[Black "Brunello, Sabino"]
[Result "0-1"]
[WhiteElo "2249"]
[BlackElo "2528"]
[Annotator "TA"]
[PlyCount "60"]
[EventDate "2020.02.26"]
[EventType "schev"]
[EventCountry "SUI"]
[SourceTitle "playchess.com"]
[Source "ChessBase"]
[SourceQuality "1"]

{[%evp 9,60,24,37,-5,22,-27,-11,-90,-89,-98,-95,-92,-99,-97,-77,-175,-156,-175,-166,-162,-147,-231,-249,-428,-416,-421,-415,-418,-414,-404,-398,-444,-454,-545,-565,-548,-515,-645,-600,-766,-650,-987,-1002,-1541,-1527,-1494,-1492,-1597,-1531,-1531,-1513,-29990,-29981]} 1. e4 c6 2. d4 d5 3. e5 c5 4. Nf3 cxd4 5. Nxd4 e6 6. c4 {B12: Caro-Kann: Advance Variation.} Ne7 {[#]} 7. Bg5 $146 ({Predecessor:} 7. Nc3 g6 8. Bg5 a6 9. Bf6 Rg8 10. Be2 Nd7 11. cxd5 Nxf6 12. d6 Nfd5 13. O-O {0-1 (26) Barron,G-City,H IECC email 1998}) 7... h6 8. Nb5 (8. Be3 $11) 8... hxg5 $17 9. Nd6+ Kd7 10. Nxf7 Qa5+ 11. Nc3 Rh4 12. cxd5 (12. a3 $17 {is a better defense.}) 12... Nxd5 $19 ({Don't play} 12... exd5 13. a3 $17) 13. Bb5+ Nc6 {[#] Strongly threatening ...Ke8.} 14. O-O Kc7 15. Nxd5+ (15. Rc1 $17 Rd4 16. Qe2 Nxc3 17. bxc3) 15... exd5 16. Qxd5 $2 (16. Bxc6 bxc6 17. Nxg5) 16... Rd4 17. Qb3 Rb4 {[%mdl 64] [#] Double Attack} 18. Bxc6 {And now Qd3 would win.} Rxb3 19. axb3 Qd2 20. Bf3 {If White can now play Rfd1 this consolidates a bit.} Be6 21. Rfc1+ Kb6 22. Rd1 Qf4 23. Nd8 Bxb3 24. Rd7 Rb8 25. Nxb7 g4 26. Na5 gxf3 27. Rd3 Be6 28. Rxf3 Qb4 29. Rc3 Bc5 30. Raa3 Qxb2 {White got outplayed after the opening. Accuracy: White = 26%, Black = 92%.} 0-1

[Event "Accentus Young Masters 2020"]
[Site "Bad Ragaz"]
[Date "2020.03.03"]
[Round "7.5"]
[White "Stijve, Theo"]
[Black "Brunello, Sabino"]
[Result "*"]
[WhiteElo "2249"]
[BlackElo "2528"]
[Annotator "TA"]
[PlyCount "23"]
[EventDate "2020.02.26"]
[EventType "schev"]
[EventCountry "SUI"]
[SourceTitle "playchess.com"]
[Source "ChessBase"]
[SourceQuality "1"]

{[%evp 8,8,19]} 1. e4 c6 2. d4 d5 3. e5 c5 4. Nf3 cxd4 {[#] An uneventful encounter.} {Predecessor:} 5. Qxd4 $146 e6 6. Nc3 {B12: Caro-Kann: Advance Variation.} Nc6 7. Qf4 h6 8. h4 g6 9. Bd3 a6 10. O-O Nge7 11. Ne2 Nf5 12. c3 {0-1 (58) Karjakin,S (2754)-Wei,Y (2725) Jerusalem 2019} *

[Event "Accentus Young Masters 2020"]
[Site "Bad Ragaz"]
[Date "2020.03.04"]
[Round "8.1"]
[White "Petrov, Nikita"]
[Black "Colmenares, Aurelio"]
[Result "1-0"]
[WhiteElo "2592"]
[BlackElo "2302"]
[Annotator "TA"]
[PlyCount "75"]
[EventDate "2020.02.26"]
[EventType "schev"]
[EventCountry "SUI"]
[SourceTitle "playchess.com"]
[Source "ChessBase"]
[SourceQuality "1"]

{[%evp 9,75,20,25,25,25,26,40,22,22,25,23,21,35,25,28,-7,34,-11,-7,-7,-6,-4,8,0,9,8,44,36,72,55,65,-16,60,50,58,59,76,73,53,47,76,46,63,53,56,45,47,22,116,109,109,109,271,218,655,634,29981,604,562,597,467,561,534,529,585,554,29991,554]} 1. d4 Nf6 2. c4 c6 3. Nf3 d5 4. e3 e6 5. Bd3 b6 6. O-O {D30: Queen's Gambit Declined: Systems without Nc3.} Bd6 7. Nc3 Nbd7 8. e4 {White is slightly better.} dxe4 9. Nxe4 Nxe4 10. Bxe4 Qc7 11. Re1 Bb7 12. Bg5 O-O {[#]} (12... h6 $5 {[%cal Rh6g5]} 13. Bh4 Nf6 $11) 13. Bc2 $146 ({Predecessor:} 13. Qd2 f6 14. Bh4 Rae8 15. Rad1 Bf4 16. Qc3 c5 {0-1 (16) Clark,R (2206)-Orlando,E ICCF email 2017}) 13... Rfe8 14. Qd3 Nf8 $1 15. Rad1 Rac8 16. a3 $36 {[%mdl 2048] White has some pressure.} f6 17. Bh4 a5 18. Bg3 Bxg3 19. hxg3 c5 20. Qe3 (20. d5 $14) 20... Bxf3 (20... Red8 $11) 21. gxf3 $14 cxd4 22. Rxd4 Red8 23. Red1 Rxd4 24. Rxd4 Rd8 25. b4 axb4 {...Rxd4 is the strong threat.} 26. axb4 Rxd4 27. Qxd4 Kf7 28. Ba4 g5 (28... Qe5 $11 {remains equal.} 29. Qd1 Qc3) 29. c5 $16 bxc5 30. bxc5 {[%cal Bb4c5,Bc5c6][%mdl 32]} h5 $2 {Now Black is done in.} (30... Qa7 $16) 31. c6 $1 $18 Ng6 $2 (31... Qa5 32. Qc4 Ng6) 32. Qb4 {Hoping for Qb7.} Ke8 {[#]} 33. Qe4 (33. Qb8+ $142 $1 {[%mdl 512]} Qxb8 34. c7+ Qb5 35. Bxb5+ Ke7 36. c8=Q g4 37. Qd7+ Kf8 38. Qxe6) 33... Kf7 {[#]} 34. Qb1 $1 {[%cal Rb1b7] aiming for Qb7.} Ne7 {[#]} 35. Qb7 $1 {[%cal Rb7c7]} ({Weaker is} 35. Qh7+ Kf8 $16) 35... Qc8 36. Qd7 Kf8 37. c7 {Threatening mate with Qd8+.} Qa6 38. Qe8+ {Accuracy: White = 76%, Black = 51%.} 1-0